| 000 | 01544nam a22004217a 4500 | ||
|---|---|---|---|
| 003 | OSt | ||
| 005 | 20230420083557.0 | ||
| 008 | 221006b |||||||| |||| 00| 0 eng d | ||
| 040 | _cBiblioteca Lado V | ||
| 082 |
_a701.18 _bM984a |
||
| 100 |
_9801 _aMurria, Alicia _eeditor _edirector |
||
| 245 |
_aArtecontexto/ _bArte, cultura, nuevos medios/ |
||
| 260 |
_bAsociación de Revistas Culturales de España _c2004 _aMadrid |
||
| 300 |
_c22x22cm _a156p. |
||
| 366 | _efre | ||
| 366 | _eeng | ||
| 490 |
_v2004 _x1697-2341 _a4 |
||
| 505 |
_tPrimera Pagina _aAlicia Murria |
||
| 505 | _tDossier: LA VOZ DE LOS ARTISTAS | ||
| 505 | _tFotos de la calle | ||
| 505 | _tConversación con Liliana Porter | ||
| 505 | _tEl cuerpo: puente, escenario, herramienta. | ||
| 505 | _tElahe Massumi: ficciones y fragmentos de realidad | ||
| 505 | _tLos artistas opinan | ||
| 505 | _tCibercontexto | ||
| 505 | _t Noticias | ||
| 505 | _tCriticas de exposiciones | ||
| 650 |
_2Tesauro de Arte & Arquitectura _aARTE _9703 |
||
| 650 |
_2Tesauro de Arte & Arquitectura _aEXPOSICIONES |
||
| 650 |
_2Tesauro de Arte & Arquitectura _aCULTURA |
||
| 650 |
_2Tesauro de Arte & Arquitectura _aAPRECIACION |
||
| 650 |
_2Tesauro de Arte & Arquitectura _aTEORIA |
||
| 650 |
_2Tesauro de Arte & Arquitectura _aCRITICA |
||
| 650 |
_2Tesauro de Arte & Arquitectura _aFOTOGRAFIA _9702 |
||
| 650 |
_2Tesauro de Arte & Arquitectura _aLITERATURA |
||
| 650 |
_2Tesauro de Arte & Arquitectura _aESPAÑA |
||
| 942 |
_2ddc _c1 _h701.18 _iM984a _n0 |
||
| 999 |
_c3390 _d3390 |
||